Export možno okoreniť bankovým úverom odberateľovi
Požiadavka odberateľa na dlhodobé prefinancovanie nákupu nemusí slovenských výrobcov zaskočiť. Zdroje na kúpu exportovaného tovaru môžu poskytnúť slovenské banky s poistkou od Eximbanky. Mnohé firmy o takejto podpore exportu nevedia. Pre koho je zaujímavé financovanie zahraničného zákazníka bankovým...
Salvato in:
| Autore principale: | |
|---|---|
| Altri autori: | |
| Natura: | Capitolo di libro |
| Lingua: | slovacco |
| Soggetti: | |
| Tags: |
Nessun Tag, puoi essere il primo ad aggiungerne!!
|
MARC
| LEADER | 00000naa$a2200000$$$4500 | ||
|---|---|---|---|
| 001 | 0030459 | ||
| 005 | 20231009081610.0 | ||
| 041 | 0 | |a slo | |
| 044 | |a SK | ||
| 245 | 1 | 0 | |a Export možno okoreniť bankovým úverom odberateľovi |c Martin Jesný, Martina Kláseková |
| 520 | |a Požiadavka odberateľa na dlhodobé prefinancovanie nákupu nemusí slovenských výrobcov zaskočiť. Zdroje na kúpu exportovaného tovaru môžu poskytnúť slovenské banky s poistkou od Eximbanky. Mnohé firmy o takejto podpore exportu nevedia. Pre koho je zaujímavé financovanie zahraničného zákazníka bankovým úverom. Eximbanka pri týchto finančných vzťahoch zohráva kľúčovú úlohu, pretože poisťuje komerčné a najmä politické riziko. Exportné financovanie - príležitosť pre slovenské banky s poistkou Eximbanky. | ||
| 610 | 2 | 0 | |a vývoz |
| 610 | 2 | 0 | |a odberatelia |
| 610 | 2 | 0 | |a financovanie |
| 610 | 2 | 0 | |a financovanie obchodu zahraničného |
| 610 | 2 | 0 | |a úver bankový |
| 610 | 2 | 0 | |a úver obchodný |
| 610 | 2 | 0 | |a firmy |
| 610 | 2 | 0 | |a banky |
| 610 | 2 | 0 | |a eximbanky |
| 610 | 2 | 0 | |a poistenie rizikové |
| 100 | 1 | |a Jesný, Martin | |
| 700 | 1 | |a Kláseková, Martina | |